Complete 20th century history for Cambridge IGCSE (R) & O Level : (Record no. 5754)

MARC details
000 -LEADER
fixed length control field 01485nam a22002297a 4500
001 - CONTROL NUMBER
control field 5754
003 - CONTROL NUMBER IDENTIFIER
control field FISKH
005 - DATE AND TIME OF LATEST TRANSACTION
control field 20250122125517.0
008 - FIXED-LENGTH DATA ELEMENTS--GENERAL INFORMATION
fixed length control field 250120b cb ||||| |||| 00| 0 eng d
020 ## - INTERNATIONAL STANDARD BOOK NUMBER
International Standard Book Number 9780198424925
040 ## - CATALOGING SOURCE
Original cataloging agency FISKH
Language of cataloging eng
Transcribing agency FISKH
Modifying agency FISKH
050 ## - LIBRARY OF CONGRESS CALL NUMBER
Classification number PZ7
082 ## - DEWEY DECIMAL CLASSIFICATION NUMBER
Classification number 900
100 ## - MAIN ENTRY--PERSONAL NAME
Personal name Cantrell, John
245 ## - TITLE STATEMENT
Title Complete 20th century history for Cambridge IGCSE (R) & O Level :
Remainder of title Second editon /
Statement of responsibility, etc. By John Cantrell, Neil Smith and Peter Smith
260 ## - PUBLICATION, DISTRIBUTION, ETC.
Place of publication, distribution, etc. Oxford :
Name of publisher, distributor, etc. Oxford University Press ;
Date of publication, distribution, etc. 2018.
300 ## - PHYSICAL DESCRIPTION
Extent 411 pages :
Other physical details color illustrations ;
Dimensions 28 cm .
520 ## - SUMMARY, ETC.
Summary, etc. Ensure exam success with complete support for Option B and all of the Depth Studies in the latest IGCSE, IGCSE 9-1 and O Level (0470/0977/2147) syllabuses. A comprehensive syllabus mapping grid is included so you can be confident of full support.Taking a dual focus on knowledge acquisition and skills development, it includes extensive source analysis work and is packed with original colour sources, graphs and maps to engage learners.A dedicated chapter on exam skills fully develops all the skills directly relevant to assessment and the alternative to coursework, while the accompanying support site offers revision and exam-style questions and interactive tests.This new edition supports every learner with straightforward language and clearly defined historical terms.
700 ## - ADDED ENTRY--PERSONAL NAME
Personal name Smith, Niel
Relator term illustrator
700 ## - ADDED ENTRY--PERSONAL NAME
Personal name Smith, Peter
Relator term illustrator
942 ## - ADDED ENTRY ELEMENTS (KOHA)
Source of classification or shelving scheme Dewey Decimal Classification
Koha item type Books
Suppress in OPAC No
Holdings
Withdrawn status Lost status Source of classification or shelving scheme Damaged status Not for loan Collection Home library Current library Shelving location Date acquired Total Checkouts Full call number Barcode Date last seen Copy number Price effective from Koha item type
    Dewey Decimal Classification     Non-Fiction Footprints International School Library Network Toul Kork Campus Footprints International School Library Network Toul Kork Campus TTP Secondary Non-Fiction Bookshelves 01/20/2025   CAN 2025-0048 01/20/2025 1 01/20/2025 Books
    Dewey Decimal Classification     Non-Fiction Footprints International School Library Network Toul Kork Campus Footprints International School Library Network Toul Kork Campus TTP Secondary Non-Fiction Bookshelves 01/20/2025   CAN PZ7 900 2025-0065 01/21/2025 2 01/20/2025 Books